The Root causes of Biodiversity loss (Record no. 3540)

MARC details
000 -LEADER
fixed length control field 01867cam a22003737a 4500
001 - CONTROL NUMBER
control field 13016243
003 - CONTROL NUMBER IDENTIFIER
control field OSt
005 - DATE AND TIME OF LATEST TRANSACTION
control field 20190820132255.0
008 - FIXED-LENGTH DATA ELEMENTS--GENERAL INFORMATION
fixed length control field 021129s2000 enkab b 001 0 eng d
010 ## - LIBRARY OF CONGRESS CONTROL NUMBER
LC control number 2002726945
015 ## - NATIONAL BIBLIOGRAPHY NUMBER
National bibliography number GBA0-Y0894
020 ## - INTERNATIONAL STANDARD BOOK NUMBER
International Standard Book Number 1853836990
035 ## - SYSTEM CONTROL NUMBER
System control number (OCoLC)ocm43969026
040 ## - CATALOGING SOURCE
Original cataloging agency UKM
Transcribing agency UKM
Modifying agency C#P
-- AGL
-- WAU
-- KUT
-- DLC
042 ## - AUTHENTICATION CODE
Authentication code pcc
050 00 - LIBRARY OF CONGRESS CALL NUMBER
Classification number GE140
Item number .R66 2000
070 0# - NATIONAL AGRICULTURAL LIBRARY CALL NUMBER
Classification number GE140
Item number .R66 2000
072 #0 - SUBJECT CATEGORY CODE
Subject category code P000
082 04 - DEWEY DECIMAL CLASSIFICATION NUMBER
Classification number 333.95
Edition number 21
Item number ROO 2000
100 ## - MAIN ENTRY--PERSONAL NAME
Personal name Edited by Alexander Wood, Pamela Stedman-Edwards, and Johanna Mang.
9 (RLIN) 12846
245 04 - TITLE STATEMENT
Title The Root causes of Biodiversity loss
260 ## - PUBLICATION, DISTRIBUTION, ETC. (IMPRINT)
Place of publication, distribution, etc. London ;
Name of publisher, distributor, etc. Earthscan,
Date of publication, distribution, etc. 2000.
300 ## - PHYSICAL DESCRIPTION
Extent xvi, 399 p. :
Other physical details ill., maps ;
Dimensions 24 cm.
500 ## - GENERAL NOTE
General note "WWF."
504 ## - BIBLIOGRAPHY, ETC. NOTE
Bibliography, etc Includes bibliographical references (p. [378]-389) and index.
505 0# - FORMATTED CONTENTS NOTE
Formatted contents note An emerging consensus on biodiversity loss -- A framework for analysing biodiversity loss -- Ten case studies: an overview -- Main findings and conclusions of the Root Causes Project -- Recommendations on addressing the root causes of biodiversity loss -- Brazil: Cerrado -- Cameroon: bushmeat and wildlife trade -- China: south-western forests -- Danube River basin: wetlands and floodplains -- India: Chilika Lake -- Mexico: Calakmul Biosphere Reserve -- Pakistan: mangroves -- Philppines: Cebu, Negros, and Palawan -- Tanzania: Rufiji, Ruvu, and Wami mangroves -- Vietnam: North and Central Highlands.
650 #0 - SUBJECT ADDED ENTRY--TOPICAL TERM
Topical term or geographic name as entry element Environmental degradation.
9 (RLIN) 7904
650 #0 - SUBJECT ADDED ENTRY--TOPICAL TERM
Topical term or geographic name as entry element Biodiversity.
9 (RLIN) 1737
710 2# - ADDED ENTRY--CORPORATE NAME
Corporate name or jurisdiction name as entry element World Wide Fund for Nature.
9 (RLIN) 7909
856 42 - ELECTRONIC LOCATION AND ACCESS
Materials specified Contributor biographical information
Uniform Resource Identifier http://www.loc.gov/catdir/enhancements/fy1111/2002726945-b.html
906 ## - LOCAL DATA ELEMENT F, LDF (RLIN)
a 7
b cbc
c copycat
d 2
e ncip
f 20
g y-gencatlg
942 ## - ADDED ENTRY ELEMENTS (KOHA)
Source of classification or shelving scheme Dewey Decimal Classification
Koha item type Short Loan
Holdings
Withdrawn status Lost status Source of classification or shelving scheme Damaged status Not for loan Home library Current library Date acquired Inventory number Total Checkouts Full call number Barcode Date last seen Koha item type Source of acquisition Price effective from
    Dewey Decimal Classification     MUST Main Library MUST Main Library 14/04/2016 04/21037   333.95 ROO 2000 2016-0879 14/04/2016 Short Loan    
    Dewey Decimal Classification     MUST Main Library MUST Main Library 24/07/2024 05/23780   333.95 ROO 2000 2024-22177 24/07/2024 Open Shelf Purchase 24/07/2024
    Dewey Decimal Classification     MUST Main Library MUST Main Library 24/07/2024 06/26790   333.95 ROO 2000 2024-22178 24/07/2024 Open Shelf Purchase 24/07/2024
    Dewey Decimal Classification     MUST Main Library MUST Main Library 24/07/2024 05/23779   333.95 ROO 2000 2024-22179 24/07/2024 Open Shelf Purchase 24/07/2024